Mýty a omyly súčasných investorov krajiny z BRIC alebo globálne rozvíjajúce sa trhy?

Marketingová konštrukcia a krajiny BRIC - (Brazília, Rusko, India a Čína). Prečo sú krajiny BRIC relatívne nezávislé od rozvinutého sveta? Sú krajiny s vysokým exportom závislé od vývoja v západnom svete? Rozvíjajúce sa trhy a dôvody prečo investovať do týchto trhov. Nepredvídateľnosť a volatilita a...

Descrizione completa

Salvato in:
Dettagli Bibliografici
Autore principale: Godet, Martial
Altri autori: Podkolzine, Roman
Natura: Capitolo di libro
Lingua:slovacco
Soggetti:
Tags: Aggiungi Tag
Nessun Tag, puoi essere il primo ad aggiungerne!!

MARC

LEADER 00000naa$a2200000$$$4500
001 0107893
005 20231019090629.3
041 0 |a slo 
044 |a SK 
245 1 0 |a Mýty a omyly súčasných investorov  |b krajiny z BRIC alebo globálne rozvíjajúce sa trhy?  |c Martial Godet, Roman Podkolzine 
520 |a Marketingová konštrukcia a krajiny BRIC - (Brazília, Rusko, India a Čína). Prečo sú krajiny BRIC relatívne nezávislé od rozvinutého sveta? Sú krajiny s vysokým exportom závislé od vývoja v západnom svete? Rozvíjajúce sa trhy a dôvody prečo investovať do týchto trhov. Nepredvídateľnosť a volatilita ako hlavné riziká. 
610 2 0 |a stupne hospodárstva vývojové 
610 2 0 |a systémy ekonomické 
610 2 0 |a trh svetový 
610 2 0 |a Brazília 
610 2 0 |a Rusko 
610 2 0 |a India 
610 2 0 |a Čína 
610 2 0 |a trh kapitálový 
610 2 0 |a investori 
610 2 0 |a volatilita 
100 1 |a Godet, Martial 
700 1 |a Podkolzine, Roman